Muzej ukrains'koi kul'turi

Bibliographic Details
Main Author: Šmajda, Michal, 1920-2017 (Author)
Format: Article
Language:Ukrainian

MARC

LEADER 00000nab a2200000 a 4500
001 vtls010806636
003 SK-MaSNL
005 20260303132738.0
008 230218s1961 xo |||||||||||||||||ukr|
035 |a (urnnbn)urn:nbn:sk:snk:ar-003h75 
035 |a (uuid)04839c96-638d-4f47-b5e9-bc7830adfa1d 
035 |a urn:nbn:sk:snk-ab35sg 
040 |a SNKBUCL  |b slo  |c SNKBUCL  |e AACR2 
041 0 |a ukr 
044 |a xo  |c SK 
100 1 |a Šmajda, Michal,  |d 1920-2017  |4 aut  |9 172708 
245 1 0 |a Muzej ukrains'koi kul'turi  |c Michajlo Šmajda 
773 0 |t Duklja : literaturno-chudožnij ta hromads'ko-polityčnyj al'manach  |g Č. 4 (1961), s. 108-109 
958 |a OND 
958 |a EUIPO 
958 |a article2 
999 |c 1952879  |d 1954809